000 00417nam a2200181Ia 4500
001 402
005 20260306140515.0
008 260306t2005||||xx |||||||||||||| ||spa||
041 _aESP
082 _a110
_bK21M
100 _aKant, Immanuel
_eAUT
245 0 _aLa metafĂ­sica de las costumbres
260 _c2005
300 _a374 páginas :
_c20 cm.
650 _aGEN
654 _aCHU
942 _cLIB
_dJUS
_fJUS
_2ddc
_n
999 _c402
_d402